| 000 | 00000cas 2200000zi 4500 |
| 001 | 9.962835 |
| 003 | CaOODSP |
| 005 | 20260525145255 |
| 006 | m o d f |
| 007 | cr cn |||||||| |
| 008 | 260515d19891991nkcqr p o f0### 0eng|d |
| 022 | |y1180-9353 |
| 040 | |aCaOODSP|beng|erda|cCaOODSP |
| 043 | |an-cn-nk |
| 086 | 1 |aIu2-7E-PDF |
| 245 | 00|aISTC New Brunswick : |ba publication of Industry, Science and Technology Canada. |
| 246 | 3 |aIndustry, Science and Technology Canada New Brunswick |
| 264 | 1|aMoncton, N.B. : |bIndustry, Science and Technology Canada, |c[1989-1991] |
| 310 | |aQuarterly |
| 336 | |atext|btxt|2rdacontent |
| 337 | |acomputer|bc|2rdamedia |
| 338 | |aonline resource|bcr|2rdacarrier |
| 362 | 1 |aBegan with: Vol. 1, no. 1 (March 1989); ceased with: Vol. 2, no. 4 (March 1991). |
| 500 | |aIssued also in French under title: ISTC Nouveau-Brunswick. |
| 500 | |aDigitized publication from print [produced by Innovation, Science and Economic Development Canada]. |
| 588 | |aDescription based on: Vol. 1, no. 1 (March 1989); title from PDF caption. |
| 588 | |aLatest issue consulted: Vol. 2, no. 4 (March 1991). |
| 610 | 10|aCanada. |bIndustry, Science and Technology Canada|vPeriodicals. |
| 650 | 0|aBusiness enterprises|zNew Brunswick|vPeriodicals. |
| 655 | 7|aPeriodicals|2lcgft |
| 710 | 1 |aCanada. |bIndustry, Science and Technology Canada, |eissuing body. |
| 775 | 08|tISTC Nouveau-Brunswick : |w(CaOODSP)9.962834 |
| 785 | 00|tISTC New Brunswick/Prince Edward Island : |w(CaOODSP)9.962855 |